000 00523nam a22001697a 4500
005 20170515142646.0
010 _aENG-118153
020 _a9788123431369
_c70.00
035 _aEN-101685
037 _bDBAD/PUB
082 _a882
245 _aLanguage in action /
_b(One act plays)
_c by edited R.Santhi
260 _aChennai
_bNew Century Book House (P) Ltd.,
_c2016
270 _a41-B, SIDCO Industrial Estate, Ambattur, Chennai -600098
300 _a103p.
_c21cm. (pbk)
942 _2ddc
_cEN
_h882
_mLAN
999 _c139880
_d139880